| 000 | 01668nam a2200289Ia 4500 | ||
|---|---|---|---|
| 008 | 130821s1775 enk gr eng | ||
| 040 |
_aCo-BoUCM _bspa |
||
| 041 | 0 | _aeng | |
| 092 | _aE18N024 | ||
| 100 | 1 |
_aSheridan, Richard Brinsley _d1751-1816 |
|
| 242 | 0 | 4 |
_aLas obras dramáticas _cde Richard Brinsley Sheridan _yspa |
| 245 | 1 | 4 |
_aThe dramatic works _cof Richard Brinsley Sheridan. |
| 246 | 1 | 3 | _a[Las obras dramáticas de Richard Brinsley Sheridan] |
| 260 |
_aLondres (Inglaterra) _bCassell et company _c[1775?] |
||
| 300 | _a381, [4] páginas | ||
| 490 | _aCassell's red lybrary [Biblioteca roja de Cassell] | ||
| 500 | _aDetalles físicos: Encuadernación rígida en cartón forrada en tela con detalles repujados en negro sobre tapas y lomo, letras en dorado sobre el lomo. Conserva guardas, anteportada y portada impresa a una sola tinta acompañada de una ilustración. Texto impreso en una columna con letra muy densa. Cantos y filos pintados en rojo. Ejemplar en buen estado de conservación. | ||
| 500 | _aIncluye índice. | ||
| 505 | 0 | _aLos rivales: una comedia. ; Día de San Patricio, o intriga de un teniente: una farsa. ; La dueña: una ópera cómica. ; La escuela del escándalo: una comedia. ; El crítico, o bien, ensayó de una tragedia: un drama. ; Viaje a Scarborough. ; Pizarro. ; Los versos a la memoria de Garrick. | |
| 506 | _aConsulta en sala. | ||
| 650 | 0 | 4 |
_aLiteratura inglesa _9272 |
| 650 | 0 | 4 |
_aLiteratura inglesa _xObras anteriores a 1900 _9272 |
| 650 | 0 | 4 |
_aTeatro inglés _xObras anteriores a 1900 _925071 |
| 700 | 1 |
_aCassell _eed. |
|
| 942 |
_cLIBRO _a18 _e1 _2DEWEY _h822.66 |
||
| 999 |
_c36180 _d36180 |
||